UITU Library & LRC     

Antennas and Wave Propagation (Record no. 14408)

MARC details
000 -LEADER
fixed length control field 00494nam a2200181Ia 4500
008 - FIXED-LENGTH DATA ELEMENTS--GENERAL INFORMATION
fixed length control field 240925s9999 xx 000 0 und d
020 ## - INTERNATIONAL STANDARD BOOK NUMBER
International Standard Book Number 9789352606184
082 ## - DEWEY DECIMAL CLASSIFICATION NUMBER
Classification number 621.3824 KRA
100 ## - MAIN ENTRY--PERSONAL NAME
Personal name Kraus, John D.; Marhefka, Ronald J
245 #0 - TITLE STATEMENT
Title Antennas and Wave Propagation
250 ## - EDITION STATEMENT
Edition statement 5th
260 ## - PUBLICATION, DISTRIBUTION, ETC.
Place of publication, distribution, etc. New Delhi:
Name of publisher, distributor, etc. Tata McGraw Hill
Date of publication, distribution, etc. ,2018.
300 ## - PHYSICAL DESCRIPTION
Extent viii, 466p.
Other physical details 0
Type of unit Original
500 ## - GENERAL NOTE
General note Includes Index
600 ## - SUBJECT ADDED ENTRY--PERSONAL NAME
Personal name Engineering Technology
650 ## - SUBJECT ADDED ENTRY--TOPICAL TERM
Topical term or geographic name entry element Technology
942 ## - ADDED ENTRY ELEMENTS (KOHA)
Koha item type Books
Holdings
Withdrawn status Lost status Damaged status Not for loan Collection Home library Current library Date acquired Source of acquisition Cost, normal purchase price Total checkouts Full call number Barcode Date last seen Price effective from Koha item type
        Engineering Technology UITU Library UITU Library 10/18/2018 Book World International 1514.95   621.3824 KRA Q11909 09/25/2024 09/25/2024 Books

Powered by Koha